| 000 | 00587 a2200145 4500 | ||
|---|---|---|---|
| 999 |
_c5808 _d5808 |
||
| 020 | _a9789251091265 | ||
| 050 | _aSB950.3FAR2016 | ||
| 110 | _afood and agriculture organisation of the united nations | ||
| 245 |
_aFarmer field school guidance document: _bplanning for quality programmes / _cFood and agriculture organisation of the united nations |
||
| 264 |
_aUnited Nations: _bFood and agriculture organisation of the united nations, _c2016 |
||
| 300 | _a95p. ; | ||
| 500 | _aincludes key resources and bibliography | ||
| 650 | _afood and agriculture | ||
| 942 |
_2lcc _cBK _h950.3 _iFAR _kSB |
||